LEADER 01692nam 2200421 a 450 001 9910697949403321 005 20240105005138.0 035 $a(CKB)5470000002393499 035 $a(OCoLC)298262164 035 $a(EXLCZ)995470000002393499 100 $a20090113d2000 ua z 101 0 $aeng 135 $aurcn||||m|||| 181 $ctdi$2rdacontent 182 $cc$2rdamedia 183 $acr$2rdacarrier 200 00$aMarine accident report$b[electronic resource] $eramming of the Eads Bridge by barges in tow of the M/V Anne Holly with subsequent ramming and near breakaway of the President of the Casino on the Admiral, St. Louis, Missouri, on April 4, 1998 210 1$a[Washington, D.C.] :$cNational Transportation Safety Board,$d[2000] 215 $a1 electronic document $cHTML, digital, streaming ASF file (1 min., 17 sec., 824 Kb., sil., color) 225 1 $a[Accident animations] 300 $aTitle from HTML title screen (viewed Jan. 8, 2009). 300 $aSeries statement from HTML series index screen. 300 $a"Board Meeting May 31, 2000." 517 $aMarine accident report 606 $aMarine accidents$zMissouri$zSaint Louis$vCase studies 606 $aBarges$xAccidents$zMississippi River$vCase studies 607 $aEads Bridge (Saint Louis, Mo.)$xAccidents$vCase studies 608 $aAnimated films.$2lcgft 608 $aStreaming videos.$2lcgft 615 0$aMarine accidents 615 0$aBarges$xAccidents 712 02$aUnited States.$bNational Transportation Safety Board. 801 0$bGPO 801 1$bGPO 906 $aBOOK 912 $a9910697949403321 996 $aMarine accident report$93438146 997 $aUNINA